000
00258 a2200121 4500
001
195021
040
_c
Magnum
240
1
0
_a
100 histórias infantis
_l
por
245
1
0
_a
100 histórias infantis
300
_a
303
697
_a
LITERATURA INFANTO
942
_c
BK
999
_c
195021
_d
195021